Rasff ako nástroj podpory politiky zdravia
Analýza najdôležitejšej oblasti v rámci ekonomiky, ktorou je trh s potravinami. Kvalita a bezpečnosť potravín zabezpečujú podporu politiky zdravia. Pohľad na fungovanie systému RASFF ako nástroja podporujúceho bezpečnosť potravín tak na Slovensku, ako aj v rámci Európskej únie. Definícia domáceho tr...
Saved in:
| Main Author: | |
|---|---|
| Other Authors: | |
| Format: | Book Chapter |
| Language: | Slovak |
| Subjects: | |
| Tags: |
No Tags, Be the first to tag this record!
|
MARC
| LEADER | 00000naa$a2200000$$$4500 | ||
|---|---|---|---|
| 001 | 0260344 | ||
| 005 | 20240502074124.6 | ||
| 041 | 0 | |a slo | |
| 044 | |a SK | ||
| 245 | 1 | 0 | |a Rasff ako nástroj podpory politiky zdravia |c Erika Dudáš-Pajerská, Kamil Navrátil |
| 520 | |a Analýza najdôležitejšej oblasti v rámci ekonomiky, ktorou je trh s potravinami. Kvalita a bezpečnosť potravín zabezpečujú podporu politiky zdravia. Pohľad na fungovanie systému RASFF ako nástroja podporujúceho bezpečnosť potravín tak na Slovensku, ako aj v rámci Európskej únie. Definícia domáceho trhu s potravinami, ako aj jednotný Európsky trh s potravinami. Analýza fungovania systému RASFF na Slovensku cez prislúchajúce inštitúcie až po analýzu hlásení na trhu s potravinami na Slovensku týkajúcich sa obdobia rokov 2007 až 2017. Nezrovnalosti v rámci fungovania RASFF ako aj pohľad autorov na možnosti optimalizácie jeho fungovania. | ||
| 610 | 2 | 0 | |a potraviny |
| 610 | 2 | 0 | |a bezpečnosť |
| 610 | 2 | 0 | |a trh tovarový |
| 100 | 1 | |a Dudáš-Pajerská, Erika, 1988- | |
| 700 | 1 | |a Navrátil, Kamil | |